|
|
|
|
| LEADER |
00000nab a2200000 ar4500 |
| 001 |
vtls009003269 |
| 003 |
SK-MaSNL |
| 005 |
20260303065539.0 |
| 008 |
070628c2007 xo mr|p|||||||000 b|slo |
| 015 |
|
|
|a SNBRB2007/06
|2 snkbucl
|
| 038 |
|
|
|a SNKBUCL
|
| 040 |
|
|
|a SNKBUCL
|b slo
|c SNKBUCL
|e AACR2
|
| 041 |
0 |
|
|a slo
|
| 044 |
|
|
|a xo
|c SK
|
| 080 |
|
|
|a 620.91:553.7.031.2:550.36
|2 2001
|
| 080 |
|
|
|a 553.7.031.2
|2 2001
|
| 080 |
|
|
|a 550.36
|2 2001
|
| 245 |
0 |
0 |
|a Hrejivá Zem
|
| 300 |
|
|
|b Tab.
|
| 650 |
0 |
7 |
|a geotermálna energia
|2 snkbucl
|9 3507
|
| 773 |
0 |
|
|t Revue priemyslu
|g Č. 6 (2007), s. 48-50
|x 1336-9857
|
| 852 |
|
|
|a SNK
|b KIS3GCP
|
| 999 |
|
|
|c 1751646
|d 1753576
|